|
|
|
|
| LEADER |
00745nam#a2200265#a#4500 |
| 001 |
008046 |
| 005 |
20160721144601.0 |
| 008 |
011116s1977####ag##################spa#d |
| 040 |
|
|
|a AR-beUNQ
|
| 099 |
|
|
|a 02-R2
|
| 100 |
1 |
|
|a Ross, Alf
|
| 245 |
0 |
2 |
|a Sobre el derecho y la justicia
|c Alf Ross.
|
| 250 |
|
|
|a 4a. ed.
|
| 260 |
|
|
|a Buenos Aires :
|b Eudeba,
|c 1977
|
| 300 |
|
|
|a xiv, 375 p
|
| 650 |
|
7 |
|a FILOSOFIA
|2 Spines
|
| 650 |
|
7 |
|a DERECHO
|2 Spines
|
| 650 |
|
7 |
|a JUSTICIA LEGAL
|2 Spines
|
| 650 |
|
7 |
|a DERECHO PUBLICO
|2 Spines
|
| 650 |
|
7 |
|a DERECHO NATURAL
|2 Spines
|
| 650 |
|
7 |
|a CIENCIAS JURIDICAS
|2 Spines
|
| 653 |
|
|
|a TEORIA DEL DERECHO
|
| 929 |
|
|
|a COMPRA
|b Oscar Bosetti
|d 10,00E
|e 20011116
|f patrimonio
|j 30978
|
| 942 |
|
|
|c LIB
|n 0
|
| 999 |
|
|
|c 10614
|d 86001
|